000 00546nam a2200193Ia 4500
005 20250326142041.0
008 250326s9999 xx 000 0 und d
020 _a0-86187-622-9
037 _aTextbook
040 _aFMSL
_beng
_cFMSL
041 _aeng
_2eng
084 _aX:76 M6
_qFMSL
100 _aSaksena K D
245 0 _aPricing policies and price control in developing countries
_cSaksena K D
260 _aLondon
_bLondon, Frances Printer
_c1986
300 _a250p
942 _cTB
_hX:76 M6
999 _c1293208
_d1293208